Guess The iKON Members Quiz Stats

Quiz not verified by Sporcle

Challenge
Share
Tweet
Score 0/58 Timer 10:00
1 Play Today
% Correct
♥ iKON ♥ Members: B.I, Bobby, Junhoe, Jinhwan, Yunhyeong, Donhyuk, & Chanwoo ♥
96.2%
Jinhwan
83.9%
Bobby
79.5%
B.I
78%
Junhoe
74.9%
B.I
74.7%
Bobby
74.2%
Chanwoo
73.3%
Jinhwan
72%
Donghyuk
71.5%
Junhoe
71%
Yunhyeong
70.6%
Chanwoo
69.3%
Bobby
68.8%
BI
68.7%
Jinhwan
68.3%
Donghyuk
68.3%
BI
67.9%
Yunhyeong
67.4%
Junhoe
67.3%
Chanwoo
67.1%
Chanwoo
66.9%
Bobby
66.8%
Donghyuk
66.4%
Junhoe
65.9%
Yunhyeong
64.6%
Jinhwan
64.4%
Donghyuk
63.8%
BI
63.6%
% Correct
Junhoe
63.4%
Chanwoo
62.6%
Jinhwan
62.3%
Yunhyeong
61.7%
Donghyuk
60.3%
Jinhwan
60.2%
Yunhyeong
60.2%
Bobby
60.1%
Bobby
59.7%
Junhoe
58.8%
Bobby
57.2%
B.I
55.7%
Junhoe
54.8%
Chanwoo
54.7%
Donghyuk
54.5%
Yunhyeong
54.3%
Chanwoo
54.1%
Jinhwan
53.6%
Junhoe
52.9%
Jinhwan
52.8%
Yunhyeong
52.7%
B.I
52.6%
Don't got one atm LOL ^-~
52.5%
Donghyuk
52.4%
Bobby
52.2%
Yunhyeong
51.6%
Chanwoo
51.1%
Donghyuk
51.1%
B.I
50.2%

You're not logged in!

Compare scores with friends on all Sporcle quizzes.
Join for Free
OR
Log In

You Might Also Like...

Show Comments

Extras

Created May 4, 2016ReportNominate
Tags:Kpop Quiz, Kpop Quiz

Top Quizzes Today


Score Distribution

Your Account Isn't Verified!

In order to create a playlist on Sporcle, you need to verify the email address you used during registration. Go to your Sporcle Settings to finish the process.

Report this User

Report this user for behavior that violates our Community Guidelines.

Details: